000 00218nam a2200097Ia 4500
008 170619s9999 xx 000 0 und d
100 _aLalfric
245 0 _aElectronic instruments
260 _bNew Delhi: PHI
260 _c2000
546 _aENGLISH
999 _c16129
_d16129